000 00693nam a2200217 a 4500
001 000039008
005 20240412074259.0
008 130513s2013 dr 000 j spa d
020 _a9789993444954
040 _aDO-SdBNP
_bspa
_cBNPHU
082 _aRD863.44
_bN174m
100 1 _aNamnúm, César
_925170
245 1 0 _aMacaco :
_bcuentos /
_cCésar Namnúm.
260 _aSanto Domingo :
_bCompás,
_c2013.
300 _a184 p. :
_bil., retrs. ;
_c24 cm.
500 _aIncluye datos biográficos del autor en la contracubierta
590 _aInventariado, 2019/MFF
650 0 _aCuentos dominicanos
_9176
650 0 _aLiteratura dominicana.
_967
910 _aValidado. Control de calidad MFF
999 _c38498
_d38498